000 00660nam a22002177a 4500
003 UA-OsUOA
001 108993
007 ta
008 20141125b un ||||| |||| 00| 0 ukr d
100 _aЛінкевич Л.
090 _a82
_bЛ67
942 _cSA
040 _aUA-OsUOA
_bukr
_cUA-OsUOA
_dUA-OsUOA
245 _aВивчаємо творчість І. Кочерги
300 _aС28-33 с.
955 _a0
041 _aukr
080 _a82
773 0 _w108992
_tУкраїнська література в загальноосвітній школі
_dК.
_d2014
_g10
650 7 _a82 Література. Літературознавство
_2UDC
999 _c395089
_d395089